[Event "Watson Farley Williams Challenge"]
[Site "London"]
[Date "1990.04.23"]
[Round "5"]
[White "Hebden, Mark L"]
[Black "Hodgson, Julian M"]
[Result "0-1"]
[WhiteElo "2530"]
[BlackElo "2540"]
[PlyCount "90"]
[EventDate "1990.04.18"]
[EventType "tourn"]
[EventRounds "13"]
[EventCountry "ENG"]
[EventCategory "11"]
[SourceTitle "BritBase"]
[Source "John Saunders"]
[SourceDate "2023.06.27"]
[SourceVersion "1"]
[SourceVersionDate "2023.06.27"]
[SourceQuality "1"]

1. d4 f5 2. g3 Nf6 3. Bg2 g6 4. c3 Bg7 5. Nd2 Nc6 6. Nc4 e6 7. Nf3 d6 8. Bf4 h6
9. Qb3 g5 10. Be3 Qe7 11. O-O-O a6 12. h4 g4 13. Ne1 d5 14. Nd2 a5 15. Nd3 a4
16. Qc2 O-O 17. Bf4 b6 18. f3 a3 19. b3 Ba6 20. Rhe1 Nh5 21. fxg4 fxg4 22. e4
Qf7 23. exd5 exd5 24. Ne5 Nxe5 25. Bxe5 c6 26. c4 Bc8 27. cxd5 cxd5 28. Rf1 Qe6
29. Rxf8+ Bxf8 30. Nf1 Bb7 31. Kb1 Rc8 32. Qd3 Bg7 33. Ne3 Bxe5 34. dxe5 Qxe5
35. Bxd5+ Kh8 36. Qd4 Qxd4 37. Rxd4 Rd8 38. Rxg4 Bxd5 39. Rb4 Nxg3 40. Nxd5
Rxd5 41. Rxb6 Rh5 42. Ra6 Rxh4 43. Rxa3 h5 44. Kc2 Rg4 45. b4 h4 0-1

[Event "Watson Farley Williams Challenge"]
[Site "London"]
[Date "1990.04.23"]
[Round "5"]
[White "Kosten, Anthony C"]
[Black "Chandler, Murray G"]
[Result "1/2-1/2"]
[WhiteElo "2485"]
[BlackElo "2585"]
[PlyCount "79"]
[EventDate "1990.04.18"]
[EventType "tourn"]
[EventRounds "13"]
[EventCountry "ENG"]
[EventCategory "11"]
[SourceTitle "BritBase"]
[Source "John Saunders"]
[SourceDate "2023.06.27"]
[SourceVersion "1"]
[SourceVersionDate "2023.06.27"]
[SourceQuality "1"]

1. e4 c5 2. Nf3 Nc6 3. d4 cxd4 4. Nxd4 Nf6 5. Nc3 e5 6. Ndb5 d6 7. Nd5 Nxd5 8.
exd5 Nb8 9. c4 Be7 10. Be2 O-O 11. O-O a6 12. Nc3 f5 13. a3 Bf6 14. b4 e4 15.
Bd2 Be5 16. Rc1 Nd7 17. f4 Bd4+ 18. Kh1 Nf6 19. Qb3 Bd7 20. Nd1 Ng4 21. Bxg4
fxg4 22. Be3 Bf6 23. Nc3 Qe8 24. Ne2 Rc8 25. Bd4 Bxd4 26. Nxd4 Qh5 27. Kg1 Rf6
28. Ne2 Rh6 29. Qg3 b6 30. Rfd1 Re8 31. Rc3 Ba4 32. Rd4 Bd7 33. Rd1 Qf5 34. Re3
Rc8 35. Rc3 Qh5 36. Rd4 Qf5 37. Qe3 Qh5 38. Qg3 Qf5 39. Qe3 Qh5 40. Qg3 1/2-1/2

[Event "Watson Farley Williams Challenge"]
[Site "London"]
[Date "1990.04.23"]
[Round "5"]
[White "Larsen, Bent"]
[Black "Wolff, Patrick G"]
[Result "1-0"]
[WhiteElo "2550"]
[BlackElo "2500"]
[PlyCount "81"]
[EventDate "1990.04.18"]
[EventType "tourn"]
[EventRounds "13"]
[EventCountry "ENG"]
[EventCategory "11"]
[SourceTitle "BritBase"]
[Source "John Saunders"]
[SourceDate "2023.06.27"]
[SourceVersion "1"]
[SourceVersionDate "2023.06.27"]
[SourceQuality "1"]

1. Nf3 g6 2. e4 Bg7 3. d4 d6 4. h3 Nf6 5. Nc3 O-O 6. Be3 d5 7. e5 Ne4 8. Bd3
Nxc3 9. bxc3 c5 10. O-O Nc6 11. Qd2 Qa5 12. Rfb1 a6 13. a4 Rb8 14. Qc1 Be6 15.
Qb2 c4 16. Be2 Qc7 17. Qb6 Qd7 18. Bf4 h6 19. a5 g5 20. Bg3 Bf5 21. Qb2 Na7 22.
Qc1 Nb5 23. Qd2 Rbc8 24. Re1 f6 25. Bf1 Be4 26. Nh2 f5 27. f3 f4 28. Bxf4 Rxf4
29. fxe4 dxe4 30. Qe3 Qc6 31. g3 Rf3 32. Nxf3 exf3 33. Kf2 Nc7 34. Qe4 Nd5 35.
Re3 g4 36. Rb1 h5 37. hxg4 Nxe3 38. Qxe3 hxg4 39. Rb6 Qa4 40. Qe4 Qxa5 41. Rg6
1-0

[Event "Watson Farley Williams Challenge"]
[Site "London"]
[Date "1990.04.23"]
[Round "5"]
[White "Levitt, Jonathan P"]
[Black "Frias Pablaza, Victor J"]
[Result "1/2-1/2"]
[WhiteElo "2465"]
[BlackElo "2495"]
[PlyCount "31"]
[EventDate "1990.04.18"]
[EventType "tourn"]
[EventRounds "13"]
[EventCountry "ENG"]
[EventCategory "11"]
[SourceTitle "BritBase"]
[Source "John Saunders"]
[SourceDate "2023.06.27"]
[SourceVersion "1"]
[SourceVersionDate "2023.06.27"]
[SourceQuality "1"]

1. d4 Nf6 2. c4 c5 3. d5 b5 4. Nf3 b4 5. Nbd2 d6 6. e4 g6 7. a3 a5 8. axb4 cxb4
9. c5 dxc5 10. Bb5+ Bd7 11. Bc4 Bg7 12. e5 Nh5 13. Ne4 Bg4 14. h3 Bxf3 15. Qxf3
Nd7 16. Bb5 1/2-1/2

[Event "Watson Farley Williams Challenge"]
[Site "London"]
[Date "1990.04.23"]
[Round "5"]
[White "Motwani, Paul"]
[Black "Tisdall, Jonathan D"]
[Result "1-0"]
[WhiteElo "2470"]
[BlackElo "2480"]
[PlyCount "77"]
[EventDate "1990.04.18"]
[EventType "tourn"]
[EventRounds "13"]
[EventCountry "ENG"]
[EventCategory "11"]
[SourceTitle "BritBase"]
[Source "John Saunders"]
[SourceDate "2023.06.27"]
[SourceVersion "1"]
[SourceVersionDate "2023.06.27"]
[SourceQuality "1"]

1. e4 c5 2. Nf3 Nc6 3. Bb5 e6 4. O-O Nge7 5. Nc3 Nd4 6. Nxd4 cxd4 7. Ne2 Qb6 8.
a4 a6 9. Bd3 Nc6 10. c3 Be7 11. a5 Qa7 12. Ra4 Bf6 13. b3 O-O 14. Ba3 Re8 15.
Kh1 dxc3 16. dxc3 d5 17. Nf4 dxe4 18. Bxe4 g6 19. Qc2 Bd7 20. Nxg6 hxg6 21.
Bxg6 Ne7 22. Bh7+ Kh8 23. Rf4 Nf5 24. Bxf5 exf5 25. Qd1 Rad8 26. Qh5+ Kg8 27.
Rf3 Re4 28. Rh3 Rh4 29. Rxh4 Bxh4 30. Qxh4 Re8 31. Qg5+ Kh7 32. Be7 Rg8 33.
Qh4+ Kg7 34. Qf6+ Kh7 35. Qh4+ Kg7 36. Qf6+ Kh7 37. Qxf7+ Rg7 38. Qh5+ Kg8 39.
Bf6 1-0

[Event "Watson Farley Williams Challenge"]
[Site "London"]
[Date "1990.04.23"]
[Round "5"]
[White "Watson, William Nicholas"]
[Black "King, Daniel John"]
[Result "1/2-1/2"]
[WhiteElo "2470"]
[BlackElo "2515"]
[PlyCount "59"]
[EventDate "1990.04.18"]
[EventType "tourn"]
[EventRounds "13"]
[EventCountry "ENG"]
[EventCategory "11"]
[SourceTitle "BritBase"]
[Source "John Saunders"]
[SourceDate "2023.06.27"]
[SourceVersion "1"]
[SourceVersionDate "2023.06.27"]
[SourceQuality "1"]

1. e4 c5 2. Nf3 d6 3. d4 cxd4 4. Nxd4 Nf6 5. Nc3 a6 6. Bg5 e6 7. f4 Qb6 8. Qd2
Qxb2 9. Rb1 Qa3 10. f5 Nc6 11. fxe6 fxe6 12. Nxc6 bxc6 13. e5 dxe5 14. Bxf6
gxf6 15. Ne4 Qxa2 16. Rd1 Be7 17. Be2 O-O 18. O-O f5 19. Qh6 Qxc2 20. Rf3 f4
21. Rh3 Rf7 22. Rhd3 Qxe2 23. Rd8+ Rf8 24. Nf6+ Kf7 25. Nh5 Bxd8 26. Qxh7+ Ke8
27. Qg6+ Ke7 28. Qg5+ Kf7 29. Qg7+ Ke8 30. Qg6+ 1/2-1/2

[Event "Watson Farley Williams Challenge"]
[Site "London"]
[Date "1990.04.25"]
[Round "6"]
[White "Chandler, Murray G"]
[Black "King, Daniel John"]
[Result "0-1"]
[WhiteElo "2585"]
[BlackElo "2515"]
[PlyCount "104"]
[EventDate "1990.04.18"]
[EventType "tourn"]
[EventRounds "13"]
[EventCountry "ENG"]
[EventCategory "11"]
[SourceTitle "BritBase"]
[Source "John Saunders"]
[SourceDate "2023.06.27"]
[SourceVersion "1"]
[SourceVersionDate "2023.06.27"]
[SourceQuality "1"]

1. e4 e6 2. d4 d5 3. Nc3 Nf6 4. Bg5 dxe4 5. Nxe4 Nbd7 6. Nxf6+ Nxf6 7. Nf3 h6
8. Bh4 c5 9. Bb5+ Bd7 10. Bxd7+ Qxd7 11. Qe2 Be7 12. dxc5 O-O 13. O-O Bxc5 14.
Rad1 Qc7 15. Ne5 Rfd8 16. Bxf6 gxf6 17. Ng4 Kg7 18. Qf3 f5 19. Qc3+ Kh7 20. Ne5
Rac8 21. Rxd8 Rxd8 22. Nxf7 Bxf2+ 23. Kxf2 Qxf7 24. Re1 Rd6 25. Re5 Qg7 26. Rc5
Qxc3 27. Rxc3 Rd2+ 28. Kg3 Kg6 29. Rc7 b5 30. b4 Kf6 31. Rxa7 Rxc2 32. Ra5 e5
33. Rxb5 f4+ 34. Kf3 Kf5 35. g4+ Ke6 36. a4 Ra2 37. a5 Rc2 38. Ke4 Re2+ 39. Kf3
Re3+ 40. Kf2 Ra3 41. Rb6+ Kd5 42. Rxh6 e4 43. Rf6 Ra2+ 44. Kg1 Ra1+ 45. Kg2 e3
46. Rf5+ Ke4 47. Rf8 f3+ 48. Rxf3 e2 49. Rf8 e1=Q 50. Re8+ Kf4 51. Rxe1 Rxe1
52. Kf2 Rb1 0-1

[Event "Watson Farley Williams Challenge"]
[Site "London"]
[Date "1990.04.25"]
[Round "6"]
[White "Frias Pablaza, Victor J"]
[Black "Hebden, Mark L"]
[Result "1/2-1/2"]
[WhiteElo "2495"]
[BlackElo "2530"]
[PlyCount "47"]
[EventDate "1990.04.18"]
[EventType "tourn"]
[EventRounds "13"]
[EventCountry "ENG"]
[EventCategory "11"]
[SourceTitle "BritBase"]
[Source "John Saunders"]
[SourceDate "2023.06.27"]
[SourceVersion "1"]
[SourceVersionDate "2023.06.27"]
[SourceQuality "1"]

1. c4 g6 2. g3 Bg7 3. Bg2 Nf6 4. Nf3 O-O 5. O-O Nc6 6. Nc3 d6 7. Rb1 a5 8. a3
e5 9. b4 axb4 10. axb4 Re8 11. b5 Nd4 12. d3 Bg4 13. Bg5 Qd7 14. Bxf6 Bxf6 15.
e3 Nxf3+ 16. Bxf3 h5 17. Nd5 Bd8 18. Bxg4 hxg4 19. Ra1 Rxa1 20. Qxa1 c6 21.
bxc6 bxc6 22. Qa4 Bg5 23. Rb1 Rd8 24. Nc3 1/2-1/2

[Event "Watson Farley Williams Challenge"]
[Site "London"]
[Date "1990.04.25"]
[Round "6"]
[White "Hodgson, Julian M"]
[Black "Larsen, Bent"]
[Result "1/2-1/2"]
[WhiteElo "2540"]
[BlackElo "2550"]
[PlyCount "50"]
[EventDate "1990.04.18"]
[EventType "tourn"]
[EventRounds "13"]
[EventCountry "ENG"]
[EventCategory "11"]
[SourceTitle "BritBase"]
[Source "John Saunders"]
[SourceDate "2023.06.27"]
[SourceVersion "1"]
[SourceVersionDate "2023.06.27"]
[SourceQuality "1"]

1. d4 Nf6 2. Bg5 d5 3. Nd2 Nbd7 4. Ngf3 h6 5. Bh4 e6 6. e3 Be7 7. Bd3 O-O 8.
O-O b6 9. c4 Bb7 10. cxd5 Nxd5 11. Bg3 c5 12. a3 cxd4 13. exd4 a6 14. Re1 b5
15. Qe2 Qb6 16. Rad1 Rfd8 17. Bb1 Rac8 18. Ne5 Nf8 19. Qh5 f5 20. Qf7+ Kh8 21.
Ndf3 Bf6 22. Qh5 Kg8 23. Qf7+ Kh8 24. Qh5 Kg8 25. Qf7+ Kh8 1/2-1/2

[Event "Watson Farley Williams Challenge"]
[Site "London"]
[Date "1990.04.25"]
[Round "6"]
[White "Kosten, Anthony C"]
[Black "Levitt, Jonathan P"]
[Result "1/2-1/2"]
[WhiteElo "2485"]
[BlackElo "2465"]
[PlyCount "20"]
[EventDate "1990.04.18"]
[EventType "tourn"]
[EventRounds "13"]
[EventCountry "ENG"]
[EventCategory "11"]
[SourceTitle "BritBase"]
[Source "John Saunders"]
[SourceDate "2023.06.27"]
[SourceVersion "1"]
[SourceVersionDate "2023.06.27"]
[SourceQuality "1"]

1. e4 e6 2. d4 d5 3. Nd2 c5 4. dxc5 Bxc5 5. Nb3 Bb6 6. exd5 Nf6 7. Bb5+ Bd7 8.
Bxd7+ Qxd7 9. c4 Na6 10. Nf3 exd5 1/2-1/2

[Event "Watson Farley Williams Challenge"]
[Site "London"]
[Date "1990.04.25"]
[Round "6"]
[White "Tisdall, Jonathan D"]
[Black "Watson, William Nicholas"]
[Result "0-1"]
[WhiteElo "2480"]
[BlackElo "2470"]
[PlyCount "76"]
[EventDate "1990.04.18"]
[EventType "tourn"]
[EventRounds "13"]
[EventCountry "ENG"]
[EventCategory "11"]
[SourceTitle "BritBase"]
[Source "John Saunders"]
[SourceDate "2023.06.27"]
[SourceVersion "1"]
[SourceVersionDate "2023.06.27"]
[SourceQuality "1"]

1. d4 Nf6 2. c4 g6 3. Nc3 Bg7 4. e4 d6 5. Be2 O-O 6. Nf3 e5 7. O-O Nc6 8. d5
Ne7 9. b4 Nh5 10. c5 h6 11. Nd2 Nf4 12. Nc4 f5 13. f3 g5 14. Be3 Neg6 15. cxd6
cxd6 16. exf5 Bxf5 17. Ne4 Nxe2+ 18. Qxe2 Nf4 19. Qd2 Bxe4 20. fxe4 Qf6 21. g3
Rac8 22. Na5 Nh3+ 23. Kg2 Qg6 24. Rxf8+ Rxf8 25. Qd3 g4 26. Rf1 Rxf1 27. Kxf1
Qf7+ 28. Ke1 Qf3 29. Kd2 Qg2+ 30. Kc3 Qxh2 31. Bxa7 Qxa2 32. Be3 Qg2 33. Nxb7
Nf4 34. gxf4 exf4+ 35. Bd4 f3 36. Qc4 Bxd4+ 37. Kb3 Qb2+ 38. Ka4 Qc3 0-1

[Event "Watson Farley Williams Challenge"]
[Site "London"]
[Date "1990.04.26"]
[Round "7"]
[White "Flear, Glenn C"]
[Black "Hodgson, Julian M"]
[Result "0-1"]
[WhiteElo "2470"]
[BlackElo "2540"]
[PlyCount "80"]
[EventDate "1990.04.18"]
[EventType "tourn"]
[EventRounds "13"]
[EventCountry "ENG"]
[EventCategory "11"]
[SourceTitle "BritBase"]
[Source "John Saunders"]
[SourceDate "2023.06.27"]
[SourceVersion "1"]
[SourceVersionDate "2023.06.27"]
[SourceQuality "1"]

1. d4 d6 2. e4 Nf6 3. Nc3 g6 4. Nf3 Bg7 5. Be2 O-O 6. O-O c6 7. a4 Nbd7 8. a5
Qc7 9. Be3 Rb8 10. Nd2 b5 11. axb6 axb6 12. f4 b5 13. e5 Ne8 14. Qe1 Nb6 15.
Kh1 Bf5 16. Qh4 Nc4 17. Nxc4 bxc4 18. Bxc4 Rxb2 19. Bd3 Bxd3 20. cxd3 f5 21.
Rfb1 Rxb1+ 22. Rxb1 Qd7 23. Qe1 g5 24. exd6 Nxd6 25. d5 cxd5 26. Nxd5 Nb5 27.
Nb6 Qxd3 28. Rd1 Qe4 29. Nd7 gxf4 30. Bxf4 Qxe1+ 31. Rxe1 Ra8 32. g4 fxg4 33.
Rxe7 Nd4 34. Re1 Nf3 35. Rb1 Ra4 36. Bg3 h5 37. Nc5 Ra2 38. Nd3 h4 39. Bf2 Rd2
40. Rb3 h3 0-1

[Event "Watson Farley Williams Challenge"]
[Site "London"]
[Date "1990.04.26"]
[Round "7"]
[White "Hebden, Mark L"]
[Black "Kosten, Anthony C"]
[Result "1-0"]
[WhiteElo "2530"]
[BlackElo "2485"]
[PlyCount "113"]
[EventDate "1990.04.18"]
[EventType "tourn"]
[EventRounds "13"]
[EventCountry "ENG"]
[EventCategory "11"]
[SourceTitle "BritBase"]
[Source "John Saunders"]
[SourceDate "2023.06.27"]
[SourceVersion "1"]
[SourceVersionDate "2023.06.27"]
[SourceQuality "1"]

1. d4 Nf6 2. Nf3 e6 3. c4 Bb4+ 4. Bd2 c5 5. Bxb4 cxb4 6. g3 O-O 7. Bg2 d6 8.
O-O Nc6 9. Nbd2 Re8 10. Qc2 e5 11. d5 Nb8 12. Ng5 Na6 13. a3 h6 14. Nge4 Nxe4
15. Bxe4 Qb6 16. Rfc1 Bg4 17. c5 dxc5 18. Nc4 Qd8 19. d6 Rb8 20. axb4 Nxb4 21.
Qd2 Bd7 22. Rxa7 Bc6 23. Qe3 Qg5 24. Rc3 Qxe3 25. Rxe3 Bxe4 26. Rxe4 Nc6 27.
Ra1 b5 28. Na3 Red8 29. Rd1 Nd4 30. Rxe5 Rxd6 31. Kg2 Rc6 32. e3 Ne6 33. f4 f6
34. Red5 Rcc8 35. h4 Kh7 36. Kf3 Rc7 37. Rd6 Nf8 38. Rd8 Rxd8 39. Rxd8 b4 40.
Nc4 Kg8 41. Ke4 Kf7 42. Kd5 Ke7 43. Rd6 Nd7 44. Re6+ Kd8 45. Ra6 Ke7 46. e4 h5
47. Ra8 Rb7 48. Kc6 Rb8 49. Ra7 Rc8+ 50. Kd5 Rb8 51. e5 Kd8 52. e6 Nb6+ 53.
Nxb6 Rxb6 54. f5 b3 55. Kxc5 Rb8 56. Rxg7 Rc8+ 57. Kd6 1-0

[Event "Watson Farley Williams Challenge"]
[Site "London"]
[Date "1990.04.26"]
[Round "7"]
[White "Levitt, Jonathan P"]
[Black "Chandler, Murray G"]
[Result "1/2-1/2"]
[WhiteElo "2465"]
[BlackElo "2585"]
[PlyCount "56"]
[EventDate "1990.04.18"]
[EventType "tourn"]
[EventRounds "13"]
[EventCountry "ENG"]
[EventCategory "11"]
[SourceTitle "BritBase"]
[Source "John Saunders"]
[SourceDate "2023.06.27"]
[SourceVersion "1"]
[SourceVersionDate "2023.06.27"]
[SourceQuality "1"]

1. d4 Nf6 2. c4 e6 3. Nc3 Bb4 4. e3 O-O 5. Bd3 d5 6. a3 Bxc3+ 7. bxc3 dxc4 8.
Bxc4 c5 9. Nf3 Qc7 10. Ba2 b6 11. O-O Bb7 12. h3 Nbd7 13. Bb2 c4 14. Nd2 b5 15.
Qc2 Nb6 16. Rae1 Na4 17. Bb1 e5 18. dxe5 Qxe5 19. e4 Qh5 20. e5 Nd5 21. Nxc4
Nf4 22. f3 bxc4 23. Qxa4 Qg5 24. Qc2 g6 25. Bc1 Nxh3+ 26. Kh2 Nf4 27. Qd2 Qh4+
28. Kg1 g5 1/2-1/2

[Event "Watson Farley Williams Challenge"]
[Site "London"]
[Date "1990.04.26"]
[Round "7"]
[White "Motwani, Paul"]
[Black "Wolff, Patrick G"]
[Result "0-1"]
[WhiteElo "2470"]
[BlackElo "2500"]
[PlyCount "72"]
[EventDate "1990.04.18"]
[EventType "tourn"]
[EventRounds "13"]
[EventCountry "ENG"]
[EventCategory "11"]
[SourceTitle "BritBase"]
[Source "John Saunders"]
[SourceDate "2023.06.27"]
[SourceVersion "1"]
[SourceVersionDate "2023.06.27"]
[SourceQuality "1"]

1. e4 c5 2. Nf3 e6 3. d4 cxd4 4. Nxd4 Nc6 5. Nc3 d6 6. g3 Nf6 7. Bg2 Bd7 8. Be3
Be7 9. f4 O-O 10. Nde2 b5 11. a3 Rb8 12. h3 a5 13. b3 Qc7 14. O-O Rfd8 15. g4
b4 16. axb4 Nxb4 17. g5 Nh5 18. Rc1 d5 19. exd5 exd5 20. Qd2 Bf5 21. Nd4 Ng3
22. Rfd1 Be4 23. Nxe4 Nxe4 24. Bxe4 dxe4 25. Qg2 Na2 26. Qxe4 Nxc1 27. Rxc1 Bc5
28. c3 Re8 29. Qf3 Rxb3 30. Qf2 Qb7 31. Rc2 Rb1+ 32. Kh2 Rh1+ 33. Kg3 Qd7 34.
f5 Bd6+ 35. Bf4 Re4 36. Ne2 Qxf5 0-1

[Event "Watson Farley Williams Challenge"]
[Site "London"]
[Date "1990.04.26"]
[Round "7"]
[White "Watson, William Nicholas"]
[Black "Adams, Michael"]
[Result "1/2-1/2"]
[WhiteElo "2470"]
[BlackElo "2555"]
[PlyCount "38"]
[EventDate "1990.04.18"]
[EventType "tourn"]
[EventRounds "13"]
[EventCountry "ENG"]
[EventCategory "11"]
[SourceTitle "BritBase"]
[Source "John Saunders"]
[SourceDate "2023.06.27"]
[SourceVersion "1"]
[SourceVersionDate "2023.06.27"]
[SourceQuality "1"]

1. e4 d5 2. exd5 Nf6 3. d4 Nxd5 4. Nf3 Bg4 5. h3 Bh5 6. c4 Nb6 7. c5 N6d7 8.
Qb3 b6 9. Qd5 Bxf3 10. Qxf3 c6 11. Bg5 Nf6 12. Nc3 e6 13. Bb5 Qc8 14. Bxf6 gxf6
15. Qxf6 Rg8 16. Qf3 bxc5 17. Ne4 Be7 18. Ba4 Qa6 19. Bb3 Qa5+ 1/2-1/2

[Event "Watson Farley Williams Challenge"]
[Site "London"]
[Date "1990.04.27"]
[Round "8"]
[White "Adams, Michael"]
[Black "King, Daniel John"]
[Result "0-1"]
[WhiteElo "2555"]
[BlackElo "2515"]
[PlyCount "110"]
[EventDate "1990.04.18"]
[EventType "tourn"]
[EventRounds "13"]
[EventCountry "ENG"]
[EventCategory "11"]
[SourceTitle "BritBase"]
[Source "John Saunders"]
[SourceDate "2023.06.27"]
[SourceVersion "1"]
[SourceVersionDate "2023.06.27"]
[SourceQuality "1"]

1. e4 c5 2. Nc3 Nc6 3. Nf3 Nf6 4. d4 cxd4 5. Nxd4 e5 6. Ndb5 d6 7. Nd5 Nxd5 8.
exd5 Nb8 9. c4 Be7 10. Be2 a6 11. Nc3 O-O 12. O-O f5 13. a3 Nd7 14. b4 Bf6 15.
Qb3 Kh8 16. Kh1 b6 17. f3 Bg5 18. Bb2 Rb8 19. Rad1 Nf6 20. Qc2 Be3 21. Bd3 Nh5
22. g3 Bd7 23. Rde1 Bd4 24. Bc1 b5 25. Ne2 bxc4 26. Bxc4 Ba7 27. Bxa6 Nf6 28.
Qb3 Qb6 29. Bc4 Rfc8 30. Bg5 Ng8 31. Bd2 f4 32. Kg2 Ne7 33. gxf4 Ng6 34. h3 Qd8
35. f5 Nh4+ 36. Kh2 Nxf5 37. f4 Qh4 38. Rc1 Ne3 39. Rf3 Ng4+ 40. Kg2 e4 41. Rg3
Nh6 42. Be1 Nf5 43. Rxg7 Ne3+ 44. Qxe3 Bxe3 45. Bxh4 Kxg7 46. Rc3 Bd2 47. Rc2
Bxb4 48. axb4 Rxb4 49. Be7 Rbxc4 50. Rxc4 Rxc4 51. Kf2 Rc5 52. Bxd6 Rxd5 53.
Be5+ Kg6 54. Nc3 Rd2+ 55. Ke3 Rd3+ 0-1

[Event "Watson Farley Williams Challenge"]
[Site "London"]
[Date "1990.04.27"]
[Round "8"]
[White "Chandler, Murray G"]
[Black "Tisdall, Jonathan D"]
[Result "1/2-1/2"]
[WhiteElo "2585"]
[BlackElo "2480"]
[PlyCount "59"]
[EventDate "1990.04.18"]
[EventType "tourn"]
[EventRounds "13"]
[EventCountry "ENG"]
[EventCategory "11"]
[SourceTitle "BritBase"]
[Source "John Saunders"]
[SourceDate "2023.06.27"]
[SourceVersion "1"]
[SourceVersionDate "2023.06.27"]
[SourceQuality "1"]

1. e4 c5 2. Nf3 Nc6 3. d4 cxd4 4. Nxd4 e5 5. Nb5 d6 6. Bd3 Be7 7. O-O Be6 8. c4
a6 9. N5c3 Bg5 10. Bxg5 Qxg5 11. Nd5 Rc8 12. Nbc3 Nge7 13. Re1 O-O 14. Re3 Ng6
15. Rg3 Qh4 16. Qb3 f5 17. exf5 Nd4 18. Qxb7 Bxf5 19. Bxf5 Nxf5 20. Rh3 Qxc4
21. Qb3 Nd4 22. Qd1 Nf4 23. Nxf4 Rxf4 24. Qh5 h6 25. Rg3 Rcf8 26. Rf1 Nf5 27.
Rh3 Rg4 28. b3 Qd4 29. Ne2 Qe4 30. Ng3 1/2-1/2

[Event "Watson Farley Williams Challenge"]
[Site "London"]
[Date "1990.04.27"]
[Round "8"]
[White "Frias Pablaza, Victor J"]
[Black "Flear, Glenn C"]
[Result "1-0"]
[WhiteElo "2495"]
[BlackElo "2470"]
[PlyCount "57"]
[EventDate "1990.04.18"]
[EventType "tourn"]
[EventRounds "13"]
[EventCountry "ENG"]
[EventCategory "11"]
[SourceTitle "BritBase"]
[Source "John Saunders"]
[SourceDate "2023.06.27"]
[SourceVersion "1"]
[SourceVersionDate "2023.06.27"]
[SourceQuality "1"]

1. c4 e6 2. d4 Nf6 3. Nc3 d5 4. cxd5 exd5 5. Bg5 Be7 6. e3 c6 7. Bd3 Nbd7 8.
Nge2 O-O 9. O-O Ne8 10. Bf4 Bd6 11. b4 a6 12. a4 Ndf6 13. b5 axb5 14. axb5 Rxa1
15. Qxa1 Nh5 16. Bxd6 Nxd6 17. Qa7 f5 18. Qc5 Qd7 19. Na4 Ne4 20. Bxe4 fxe4 21.
Nb6 Qe8 22. Ng3 Nxg3 23. hxg3 Qe6 24. Ra1 Qf5 25. Ra2 Qh5 26. Rd2 Rf6 27. bxc6
bxc6 28. Qe7 Rf8 29. Nxc8 1-0

[Event "Watson Farley Williams Challenge"]
[Site "London"]
[Date "1990.04.27"]
[Round "8"]
[White "Hodgson, Julian M"]
[Black "Motwani, Paul"]
[Result "1/2-1/2"]
[WhiteElo "2540"]
[BlackElo "2470"]
[PlyCount "128"]
[EventDate "1990.04.18"]
[EventType "tourn"]
[EventRounds "13"]
[EventCountry "ENG"]
[EventCategory "11"]
[SourceTitle "BritBase"]
[Source "John Saunders"]
[SourceDate "2023.06.27"]
[SourceVersion "1"]
[SourceVersionDate "2023.06.27"]
[SourceQuality "1"]

1. g3 d5 2. Bg2 g6 3. c4 dxc4 4. Na3 Bg7 5. Nxc4 e5 6. b3 Ne7 7. Bb2 Nbc6 8.
Nf3 f6 9. d3 Be6 10. O-O Qd7 11. Rc1 O-O 12. a3 Rab8 13. b4 Nd4 14. Nxd4 exd4
15. Na5 c6 16. Nb3 f5 17. Nc5 Qd6 18. Nxe6 Qxe6 19. Rc4 Nd5 20. Qb3 Nb6 21. Rc3
Rbe8 22. Qxe6+ Rxe6 23. Rc2 Rfe8 24. Bf3 a6 25. h4 Bf6 26. Kg2 Kf7 27. Rb1 Na4
28. Ba1 Rd6 29. Rc4 Nc3 30. Re1 Ree6 31. Kf1 Na4 32. Rec1 Re7 33. Ke1 Nb6 34.
R4c2 Nd7 35. Kf1 Nb6 36. Bb2 Na4 37. Rb1 Nxb2 38. Rbxb2 Rc7 39. a4 Bd8 40. Rb1
Ke6 41. Rbc1 Rcd7 42. Rb1 Rc7 43. Kg2 Rdd7 44. Rc5 Kd6 45. Rc4 Bf6 46. Rbc1 Re7
47. R1c2 Red7 48. Rc5 Re7 49. R2c4 Rc8 50. Rd5+ cxd5 51. Rxc8 Rd7 52. Kh3 Ke6
53. g4 Rd8 54. Rc7 Rd7 55. Rxd7 Kxd7 56. g5 Be7 57. Bxd5 b5 58. axb5 axb5 59.
Bg8 Ke8 60. Bxh7 Kf7 61. h5 gxh5 62. Kh4 f4 63. Kxh5 Bxb4 64. Be4 Kg7 1/2-1/2

[Event "Watson Farley Williams Challenge"]
[Site "London"]
[Date "1990.04.27"]
[Round "8"]
[White "Levitt, Jonathan P"]
[Black "Hebden, Mark L"]
[Result "1-0"]
[WhiteElo "2465"]
[BlackElo "2530"]
[PlyCount "65"]
[EventDate "1990.04.18"]
[EventType "tourn"]
[EventRounds "13"]
[EventCountry "ENG"]
[EventCategory "11"]
[SourceTitle "BritBase"]
[Source "John Saunders"]
[SourceDate "2023.06.27"]
[SourceVersion "1"]
[SourceVersionDate "2023.06.27"]
[SourceQuality "1"]

1. d4 Nf6 2. c4 g6 3. Nc3 Bg7 4. e4 d6 5. f3 a6 6. Be3 Nc6 7. Qd2 O-O 8. Nge2
Rb8 9. h4 h5 10. Nc1 e5 11. d5 Nd4 12. Nb3 Nxb3 13. axb3 c5 14. Be2 Ne8 15. g4
hxg4 16. fxg4 b5 17. h5 gxh5 18. g5 b4 19. Nd1 f5 20. exf5 Bxf5 21. Bxh5 e4 22.
Nf2 Be5 23. Ng4 Bxg4 24. Bxg4 Nc7 25. O-O-O Qe7 26. g6 Rbe8 27. Rh7 Qd8 28. Qg2
Bf4 29. Bxf4 Rxf4 30. Qh3 Qg5 31. Rh8+ Kg7 32. Qh7+ Kf6 33. Qf7+ 1-0

[Event "Watson Farley Williams Challenge"]
[Site "London"]
[Date "1990.04.29"]
[Round "9"]
[White "Flear, Glenn C"]
[Black "Kosten, Anthony C"]
[Result "1/2-1/2"]
[WhiteElo "2470"]
[BlackElo "2485"]
[PlyCount "26"]
[EventDate "1990.04.18"]
[EventType "tourn"]
[EventRounds "13"]
[EventCountry "ENG"]
[EventCategory "11"]
[SourceTitle "BritBase"]
[Source "John Saunders"]
[SourceDate "2023.06.27"]
[SourceVersion "1"]
[SourceVersionDate "2023.06.27"]
[SourceQuality "1"]

1. d4 Nf6 2. c4 e6 3. Nf3 Bb4+ 4. Nbd2 d5 5. a3 Be7 6. Qc2 b6 7. e4 dxe4 8.
Nxe4 Bb7 9. Bd3 Nc6 10. Be3 Ng4 11. O-O-O f5 12. Nc3 Nxe3 13. fxe3 Bg5 1/2-1/2